Stati per Età mediana - Europa - Statistics

Statistiche generali
  • Questo quiz è stato fatto 12 volte
  • Il punteggio medio è 8 su 10
Statistiche sulle risposte
Età mediana (anni) Nazione % Corretto
47,8 Germania
100%
46,5 Italia
100%
44,6 Portogallo
92%
45,3 Grecia
83%
53,4 Monaco
83%
45,2 San Marino
83%
44,9 Slovenia
83%
46,2 Andorra
67%
44,5 Austria
67%
44,5 Lituania
42%
Nessun quiz corrispondente trovato
Distribuzione punteggi
Percentuale di utenti per punteggio
Percentile per numero di risposta
I tuoi punteggi nel tempo
Non hai fatto questo quiz